000 00557nam a2200205Ia 4500
005 20260429112050.0
008 260429s9999||||xx |||||||||||||| ||und||
020 _a9781836599920
041 _aEnglish
082 _a020.028
_bTOR
100 _aTorres, Nathaniel
245 0 _aMachine learning for librarians /
_cNathaniel Torres
250 _a1st ed.
260 _aLondon :
_bETP ED- Tech Press,
_c2025.
300 _ax, 248 p.; hb
650 _a Information technology
650 _a Library science
650 _aMachine learning
942 _cTB
999 _c52170
_d52170